ბათუმის შოთა რუსთაველის სახელმწიფო უნივერსიტეტის ბიბლიოთეკა

ტექსტოლოგიის საკითხები. კრ. 5 (ბიბ.ჩანაწერი № 50999)

000 -LEADER
fixed length control field 00728nam a2200217Ia 4500
001 - CONTROL NUMBER
control field 17956
003 - CONTROL NUMBER IDENTIFIER
control field GE_BSU
008 - FIXED-LENGTH DATA ELEMENTS--GENERAL INFORMATION
fixed length control field 181216s||||||||xx |||||||||||||| ||und||
040 ## - CATALOGING SOURCE
Transcribing agency GE_BSU
080 ## - UNIVERSAL DECIMAL CLASSIFICATION NUMBER
Universal Decimal Classification number 801.73
245 ## - TITLE STATEMENT
Title ტექსტოლოგიის საკითხები. კრ. 5
245 ## - TITLE STATEMENT
Remainder of title სტატიების კრებული
245 ## - TITLE STATEMENT
Statement of responsibility, etc. რედ. ს. ყუბანეიშვილი
260 ## - PUBLICATION, DISTRIBUTION, ETC.
Place of publication, distribution, etc. თბილისი
260 ## - PUBLICATION, DISTRIBUTION, ETC.
Name of publisher, distributor, etc. მეცნიერება
260 ## - PUBLICATION, DISTRIBUTION, ETC.
Date of publication, distribution, etc. 1976
300 ## - PHYSICAL DESCRIPTION
Extent 181 გვ. 22სმ.
653 ## - INDEX TERM--UNCONTROLLED
Uncontrolled term სტატიების კრებული
653 ## - INDEX TERM--UNCONTROLLED
Uncontrolled term ტექსტოლოგიის საკითხები
942 ## - ADDED ENTRY ELEMENTS (KOHA)
Koha item type წიგნი
ეგზემპლარები
Withdrawn status Lost status Damaged status Not for loan Date acquired Barcode Date last seen Price effective from Koha item type
        2018-12-17 45907 2018-12-17 2018-12-17 წიგნი